Reports of appeals heard before the court of General Assessment Sessions, from the year 1871 to 1885 (Record no. 86890)

MARC details
000 -LEADER
fixed length control field 00651cam a2200193 4500
001 - CONTROL NUMBER
control field D13791
008 - FIXED-LENGTH DATA ELEMENTS--GENERAL INFORMATION
fixed length control field 090401t1885 xxu||||| |||| 00| 0 eng d
035 ## - SYSTEM CONTROL NUMBER
System control number (Sirsi) u11673
041 ## - LANGUAGE CODE
Language code of text/sound track or separate title eng
100 ## - MAIN ENTRY--PERSONAL NAME
Personal name Ryde, Edward
245 ## - TITLE STATEMENT
Title Reports of appeals heard before the court of General Assessment Sessions, from the year 1871 to 1885
250 ## - EDITION STATEMENT
Edition statement 4th
260 ## - PUBLICATION, DISTRIBUTION, ETC.
Place of publication, distribution, etc. London
Name of publisher, distributor, etc. Crosby Lockwood
Date of publication, distribution, etc. 1885
350 ## - PRICE (NR) (BK AM CF MU VM SE) [OBSOLETE]
Price 0
520 ## - SUMMARY, ETC.
Summary, etc. Shelf 134. 4th ed. brought down to the present date with an introduction to the Valuation (Metropolis) Act, 1869, and an appendix by Walter C. Ryde
700 ## - ADDED ENTRY--PERSONAL NAME
Personal name Ryde, Arthur Lyon
942 ## - ADDED ENTRY ELEMENTS (KOHA)
Suppress in OPAC 0
948 ## - LOCAL PROCESSING INFORMATION (OCLC); SERIES PART DESIGNATOR (RLIN)
c (OCLC) 04/03/1997
Holdings
Withdrawn status Lost status Source of classification or shelving scheme Damaged status Not for loan Home library Current library Shelving location Date acquired Total Checkouts Full call number Barcode Date last seen Copy number Price effective from Koha item type
    Dewey Decimal Classification     London London Basement 14/09/1999   SHELF 134 30015150 06/08/2019 1 06/08/2019 Reference material